| 000 | 00481nam a2200133Ia 4500 | ||
|---|---|---|---|
| 008 | 170516s9999 xx 000 0 und d | ||
| 245 | _aImproved assessment of multiple sclerosis lesion segmentation agreement via detection and outline error estimates | ||
| 260 | _bBMC Medical Imaging | ||
| 260 | _c2012 | ||
| 300 | _a12: | ||
| 650 | _xMedical Technology | ||
| 650 | _xMedtech | ||
| 856 | _uhttp://bmcmedimaging.biomedcentral.com/articles?query=&volume=12&searchType=&tab=keyword | ||
| 999 |
_c330352 _d330352 |
||